[Event "FTX Crypto Cup Prelims 2021"]
[Site "Chess24"]
[Date "2021.05.18"]
[Round "12.8"]
[White "So, Wesley"]
[Black "Vachier-Lagrave, Maxime"]
[Result "1/2-1/2"]
[WhiteElo "2741"]
[BlackElo "2860"]
[Annotator "TA"]
[PlyCount "64"]
[EventDate "2021.05.23"]
[EventType "tourn"]
[EventCountry "NET"]
[Tiebreak "Koya+Number of black wins+Number of wins"]
[SourceTitle "playchess.com"]
[Source "ChessBase"]
[SourceQuality "1"]

{[%evp 23,64,0,28,19,12,18,20,0,0,0,1,0,0,9,16,16,17,17,17,17,17,20,18,20,19,
10,10,10,7,7,7,0,8,0,0,0,0,0,0,0,0,0,0]} 1. d4 Nf6 2. c4 g6 3. Nc3 d5 4. cxd5
Nxd5 5. e4 Nxc3 6. bxc3 Bg7 7. Nf3 c5 8. Rb1 O-O 9. Be2 cxd4 10. cxd4 Qa5+ 11.
Bd2 Qxa2 12. O-O Bg4 13. Rxb7 {D85: Exchange Grünfeld: Unusual White 7th moves
and lines with 7 Nf3.} Bxf3 {The position is equal.} 14. Bxf3 {[#] Hoping for
e5.} Bxd4 15. e5 {Strongly threatening Rb5.} Na6 16. Rxe7 Rad8 {And now ...Bc5
would win.} 17. e6 fxe6 {Threatens to win with ...Bc5.} 18. Qe1 {Threatening
Bc3.} Bf6 19. Rxa7 {Ba5 is the strong threat.} Rxd2 {[#]} 20. Rxa6 Qxa6 21.
Qxd2 Qb6 22. g3 Bd4 {[#]} 23. Qe2 $146 ({Predecessor:} 23. Kg2 Rxf3 24. Kxf3
Qb7+ 25. Ke2 Qe4+ 26. Kd1 Qb1+ 27. Ke2 Qe4+ 28. Kd1 Qb1+ 29. Ke2 Qe4+ {1/2-1/2
(29) So,W (2770)-Vachier Lagrave,M (2784) chess24.com INT 2020}) 23... Rf6 24.
Kg2 (24. Rc1 {feels hotter.} Rf7 25. Kg2 Qb2 26. Rc2 Qb3 27. Rc4) 24... Qb2 25.
Qxb2 Bxb2 $11 {[%mdl 4096] Endgame KRB-KRB} 26. Rb1 Bd4 27. Rb8+ Rf8 28. Rxf8+
(28. Rb7 {is more complex.} Rf7 29. Rb4 Bc5 30. Re4 Re7 31. g4) 28... Kxf8 29.
Kf1 Kg7 30. Kg2 Kf8 31. Kf1 Kg7 32. Kg2 Kf8 {A rather calm draw.  Weighted
Error Value: White=0.03/Black=0.02} 1/2-1/2

[Event "FTX Crypto Cup Prelims 2021"]
[Site "Chess24"]
[Date "2021.05.18"]
[Round "13.1"]
[White "Vachier-Lagrave, Maxime"]
[Black "Aronian, Levon"]
[Result "1/2-1/2"]
[WhiteElo "2860"]
[BlackElo "2778"]
[Annotator "TA"]
[PlyCount "63"]
[EventDate "2021.05.23"]
[EventType "tourn"]
[EventCountry "NET"]
[Tiebreak "Koya+Number of black wins+Number of wins"]
[SourceTitle "playchess.com"]
[Source "ChessBase"]
[SourceQuality "1"]

{[%evp 12,63,37,24,35,21,27,33,31,31,64,30,30,28,32,28,33,22,34,25,17,0,0,-20,
-15,-20,-8,-8,-6,-13,-11,-15,0,-6,0,0,0,0,0,0,0,0,0,0,0,0,0,0,0,0,0,0,0,0]} 1.
e4 e5 2. Nf3 Nc6 3. Bb5 a6 4. Ba4 Nf6 5. O-O Bc5 6. c3 b5 7. Bc2 d5 {C78: Ruy
Lopez: Archangelsk and Möller Defences.} 8. d4 {[#] Hoping for exd5.} dxe4 {
[%cal Re5d4]} 9. Nxe5 Nxe5 {White is slightly better.} 10. dxc5 Qe7 {[#]} 11.
Nd2 $146 ({Predecessor:} 11. Bg5 Bb7 12. Re1 h6 13. Bxf6 Qxf6 14. Bxe4 Bxe4 15.
Rxe4 O-O 16. Qe2 Nd7 17. Nd2 Nxc5 {1/2-1/2 (24) Grandelius,N (2691)-Mamedov,R 
(2645) Douglas 2019}) 11... Bb7 12. Qe2 {[%cal Rd2e4]} Ng6 13. Nb3 O-O 14. a4
Rab8 15. axb5 axb5 16. Nd4 {The position is equal.} Bd5 17. Nxb5 Qxc5 18. Na3
Qc6 19. c4 Be6 20. b3 Nh4 21. Qe3 Bg4 22. Bd1 Qe6 {[#] White must now prevent .
..Bxd1.} (22... Qd7 {looks sharper.} 23. Qd2 Bxd1 24. Qxd7 Nxd7 25. Rxd1 Nc5)
23. h3 Bf3 24. Bxf3 Nxf3+ 25. gxf3 Rxb3 $1 26. Qxb3 Qxh3 27. Nc2 exf3 {[%csl
Gf3][%cal Rh3g2]} 28. Ne1 Qg4+ 29. Kh1 Qh3+ 30. Kg1 Qg4+ 31. Kh1 Qh3+ 32. Kg1 {
Weighted Error Value: White=0.05/Black=0.03} 1/2-1/2

[Event "FTX Crypto Cup Prelims 2021"]
[Site "Chess24"]
[Date "2021.05.18"]
[Round "13.2"]
[White "Pichot, Alan"]
[Black "So, Wesley"]
[Result "0-1"]
[WhiteElo "2533"]
[BlackElo "2741"]
[Annotator "TA"]
[PlyCount "66"]
[EventDate "2021.05.23"]
[EventType "tourn"]
[EventCountry "NET"]
[Tiebreak "Koya+Number of black wins+Number of wins"]
[SourceTitle "playchess.com"]
[Source "ChessBase"]
[SourceQuality "1"]

{[%evp 13,66,5,18,-7,0,-45,-39,-39,-33,-31,-27,-41,-6,-121,-104,-122,-135,-158,
-158,-191,-205,-243,-239,-248,0,-277,-227,-216,-224,-225,-225,-225,-214,-218,
-225,-234,-235,-238,-237,-305,-296,-300,-270,-338,-314,-305,-278,-311,-217,
-477,-484,-590,-595,-611,-602]} 1. e4 e6 2. d4 d5 3. Nc3 Bb4 4. e5 c5 5. a3
Bxc3+ 6. bxc3 Ne7 7. Qg4 Kf8 8. Nh3 {8.h4 is becoming the main line. C18:
French: 3 Nc3 Bb4: Main line: 7 h4 and 7 Qg4.} Nbc6 9. Bd3 Qa5 10. Bd2 {
[#] Black is slightly better.} cxd4 $146 ({Predecessor:} 10... Qa4 11. Qf4 Ng6
12. Bxg6 hxg6 13. Ng5 Nd8 14. h4 Bd7 15. Rh3 Rc8 16. Rf3 Be8 {0-1 (40) Raddatz,
M (2084)-Ziger,S (2238) Triesen 2000}) 11. cxd4 Qa4 12. O-O Qxd4 13. Nf4 (13.
Qxd4 $11 Nxd4 14. a4) 13... h5 $36 {[%mdl 2048] Black is really pushing.} 14.
Qg3 h4 ({But not} 14... Nxe5 $6 15. c3 $11) 15. Qh3 Nxe5 16. Be3 Qa4 {[#]
Hoping for ...g5.} 17. Be2 N5c6 {Threatens to win with ...e5.} (17... Qxc2 18.
Rac1) 18. Bg4 Ne5 $2 (18... f5 $19 19. Bd1 e5) 19. Rfe1 $2 {[%mdl 8192]} (19.
Be2 $1 $11 {and White has nothing to worry.}) 19... Kg8 20. Bd2 Nxg4 ({Don't
take} 20... Qxc2 21. Rxe5 Qxd2 22. Nxe6) 21. Qxg4 Qxc2 22. Qe2 Nc6 23. Nd3 h3
24. Rac1 Qa4 25. Ne5 hxg2 {...Qh4 is the strong threat.} 26. Rc3 Qh4 {[%csl
Gh8][%cal Rh4h2]} 27. h3 Qh5 28. Nxc6 bxc6 29. Qe3 Ba6 {aiming for ...Bf1.} 30.
Kxg2 Bc4 {White must now prevent ...d4!} 31. Qg3 $2 {[#]} (31. Qc5) 31... d4 $1
$19 {Black is clearly winning.} 32. Rxc4 (32. Rcc1 Bd5+) 32... Qd5+ {[%mdl 64]
Double Attack} 33. Kh2 {And now Rxd4! would win.} Qxc4 {Weighted Error Value:
White=0.57/Black=0.20} 0-1

[Event "FTX Crypto Cup Prelims 2021"]
[Site "Chess24"]
[Date "2021.05.18"]
[Round "13.3"]
[White "Giri, Anish"]
[Black "Nepomniachtchi, Ian"]
[Result "1/2-1/2"]
[WhiteElo "2731"]
[BlackElo "2778"]
[Annotator "ChessBase"]
[PlyCount "72"]
[EventDate "2021.05.23"]
[EventType "tourn"]
[EventCountry "NET"]
[Tiebreak "Koya+Number of black wins+Number of wins"]
[SourceTitle "playchess.com"]
[Source "ChessBase"]
[SourceQuality "1"]
[TimeControl "900+10"]

1. d4 {[%emt 0:00:00]} Nf6 {[%emt 0:00:00]} 2. c4 {[%emt 0:00:00]} g6 {[%emt 0:
00:00]} 3. Nc3 {[%emt 0:00:00]} d5 {[%emt 0:00:00]} 4. cxd5 {[%emt 0:00:00]}
Nxd5 {[%emt 0:00:00]} 5. e4 {[%emt 0:00:00]} Nxc3 {[%emt 0:00:00]} 6. bxc3 {
[%emt 0:00:00]} Bg7 {[%emt 0:00:00]} 7. Nf3 {[%emt 0:00:00]} c5 {[%emt 0:00:00]
} 8. Rb1 {[%emt 0:00:00]} O-O {[%emt 0:00:07]} 9. Be2 {[%emt 0:00:00]} Nc6 {
[%emt 0:00:10]} 10. d5 {[%emt 0:00:03]} Ne5 {[%emt 0:00:04]} 11. Nxe5 {[%emt 0:
00:05]} Bxe5 {[%emt 0:00:00]} 12. Qd2 {[%emt 0:00:06]} Qa5 {[%emt 0:00:23]} 13.
Rb3 {[%emt 0:00:52]} e6 {[%emt 0:02:37]} 14. f4 {[%emt 0:00:15]} Bg7 {[%emt 0:
00:15]} 15. c4 {[%emt 0:00:09]} Qd8 {[%emt 0:00:15]} 16. Bb2 {[%emt 0:00:36]}
Bxb2 {[%emt 0:00:10]} 17. Rxb2 {[%emt 0:00:05]} e5 {[%emt 0:00:20]} 18. O-O {
[%emt 0:01:10]} Qd6 {[%emt 0:00:02]} 19. f5 {[%emt 0:00:17]} gxf5 {[%emt 0:01:
25]} 20. exf5 {[%emt 0:00:02]} f6 {[%emt 0:00:01]} 21. Rb3 {[%emt 0:01:26]} Bd7
{[%emt 0:00:30]} 22. Qh6 {[%emt 0:00:20]} Rf7 {[%emt 0:00:35]} 23. Rxb7 {
[%emt 0:00:44]} Rg7 {[%emt 0:00:27]} 24. Bf3 {[%emt 0:01:05]} Kh8 {[%emt 0:00:
12]} 25. Be4 {[%emt 0:00:05]} Rag8 {[%emt 0:00:37]} 26. Rxa7 {[%emt 0:02:14]}
Qb6 {[%emt 0:00:03]} 27. Ra3 {[%emt 0:00:03]} Qb2 {[%emt 0:00:05]} 28. Rg3 {
[%emt 0:00:07]} Qd4+ {[%emt 0:00:06]} 29. Kh1 {[%emt 0:02:28]} Qxe4 {[%emt 0:
00:47]} 30. Qxf6 {[%emt 0:00:04]} Qxc4 {[%emt 0:00:04]} 31. Rb1 {[%emt 0:00:05]
} Be8 {[%emt 0:01:08]} 32. Rxg7 {[%emt 0:00:06]} Rxg7 {[%emt 0:00:02]} 33. Qf8+
{[%emt 0:00:03]} Rg8 {[%emt 0:00:01]} 34. Qf6+ {[%emt 0:00:01]} Rg7 {[%emt 0:
00:00]} 35. Qf8+ {[%emt 0:00:00]} Rg8 {[%emt 0:00:01]} 36. Qf6+ {[%emt 0:00:01]
} Rg7 {[%emt 0:00:00]} 1/2-1/2

[Event "FTX Crypto Cup Prelims 2021"]
[Site "Chess24"]
[Date "2021.05.18"]
[Round "13.4"]
[White "Ding, Liren"]
[Black "Mamedyarov, Shakhriyar"]
[Result "1/2-1/2"]
[WhiteElo "2836"]
[BlackElo "2761"]
[Annotator "ChessBase"]
[PlyCount "125"]
[EventDate "2021.05.23"]
[EventType "tourn"]
[EventCountry "NET"]
[Tiebreak "Koya+Number of black wins+Number of wins"]
[SourceTitle "playchess.com"]
[Source "ChessBase"]
[SourceQuality "1"]
[TimeControl "900+10"]

1. d4 {[%emt 0:00:00]} Nf6 {[%emt 0:00:00]} 2. c4 {[%emt 0:00:00]} e6 {[%emt 0:
00:00]} 3. g3 {[%emt 0:00:02]} d5 {[%emt 0:00:00]} 4. Bg2 {[%emt 0:00:00]} Bb4+
{[%emt 0:00:01]} 5. Bd2 {[%emt 0:00:02]} Bd6 {[%emt 0:00:21]} 6. Nf3 {[%emt 0:
00:11]} O-O {[%emt 0:00:02]} 7. O-O {[%emt 0:00:37]} dxc4 {[%emt 0:00:20]} 8.
Qc2 {[%emt 0:00:29]} Nc6 {[%emt 0:00:04]} 9. Rd1 {[%emt 0:00:55]} Re8 {[%emt 0:
02:18]} 10. Qxc4 {[%emt 0:02:44]} e5 {[%emt 0:00:03]} 11. d5 {[%emt 0:00:06]}
Nd4 {[%emt 0:00:04]} 12. Nc3 {[%emt 0:00:35]} Nxf3+ {[%emt 0:00:50]} 13. Bxf3 {
[%emt 0:00:00]} a6 {[%emt 0:00:02]} 14. a4 {[%emt 0:00:44]} Rb8 {[%emt 0:02:19]
} 15. e4 {[%emt 0:00:06]} Qe7 {[%emt 0:00:39]} 16. Qe2 {[%emt 0:00:36]} Bd7 {
[%emt 0:00:37]} 17. Bg5 {[%emt 0:01:52]} h6 {[%emt 0:00:10]} 18. Bxf6 {[%emt 0:
00:01]} Qxf6 {[%emt 0:00:01]} 19. Bg4 {[%emt 0:00:00]} Bxg4 {[%emt 0:00:10]}
20. Qxg4 {[%emt 0:00:01]} Bc5 {[%emt 0:00:29]} 21. Rd2 {[%emt 0:01:52]} c6 {
[%emt 0:00:06]} 22. Kg2 {[%emt 0:00:21]} Bd4 {[%emt 0:01:02]} 23. Qf3 {[%emt 0:
00:02]} Qxf3+ {[%emt 0:01:34]} 24. Kxf3 {[%emt 0:00:00]} Bxc3 {[%emt 0:00:11]}
25. bxc3 {[%emt 0:00:02]} cxd5 {[%emt 0:00:03]} 26. Rxd5 {[%emt 0:00:03]} Rbc8
{[%emt 0:00:05]} 27. Ra3 {[%emt 0:00:04]} Rc7 {[%emt 0:00:13]} 28. Ke3 {
[%emt 0:00:01]} f6 {[%emt 0:00:05]} 29. Rb3 {[%emt 0:00:11]} Kf7 {[%emt 0:00:
19]} 30. Kd3 {[%emt 0:00:02]} Rec8 {[%emt 0:00:46]} 31. c4 {[%emt 0:00:20]}
Rxc4 {[%emt 0:01:27]} 32. Rxb7+ {[%emt 0:00:03]} Kg6 {[%emt 0:00:02]} 33. Rdd7
{[%emt 0:00:01]} Rc2 {[%emt 0:01:13]} 34. Rxg7+ {[%emt 0:00:58]} Kh5 {[%emt 0:
00:03]} 35. Rb3 {[%emt 0:00:00]} Rxf2 {[%emt 0:00:05]} 36. Rb6 {[%emt 0:01:35]}
Rfc2 {[%emt 0:00:07]} 37. Rb3 {[%emt 0:00:02]} Rxh2 {[%emt 0:00:30]} 38. Rb1 {
[%emt 0:00:14]} Rcc2 {[%emt 0:01:28]} 39. Rf1 {[%emt 0:00:10]} Rcf2 {[%emt 0:
00:42]} 40. Rxf2 {[%emt 0:00:05]} Rxf2 {[%emt 0:00:02]} 41. a5 {[%emt 0:04:19]}
Ra2 {[%emt 0:02:13]} 42. g4+ {[%emt 0:00:04]} Kh4 {[%emt 0:00:03]} 43. Rg6 {
[%emt 0:00:00]} Ra3+ {[%emt 0:01:04]} 44. Ke2 {[%emt 0:00:01]} Ra2+ {[%emt 0:
00:08]} 45. Kf3 {[%emt 0:00:07]} Ra3+ {[%emt 0:00:01]} 46. Ke2 {[%emt 0:00:00]}
Rxa5 {[%emt 0:00:18]} 47. Rxf6 {[%emt 0:00:04]} Kg5 {[%emt 0:00:01]} 48. Re6 {
[%emt 0:00:06]} Ra2+ {[%emt 0:00:17]} 49. Kd3 {[%emt 0:00:22]} Ra3+ {[%emt 0:
00:02]} 50. Kc4 {[%emt 0:01:06]} Kf4 {[%emt 0:00:22]} 51. Rxh6 {[%emt 0:00:46]}
Kxe4 {[%emt 0:00:01]} 52. Rh8 {[%emt 0:00:46]} Kf4 {[%emt 0:00:25]} 53. Rg8 {
[%emt 0:00:24]} e4 {[%emt 0:00:09]} 54. g5 {[%emt 0:00:01]} e3 {[%emt 0:00:07]}
55. g6 {[%emt 0:00:04]} Kg5 {[%emt 0:00:08]} 56. g7 {[%emt 0:00:08]} Kg6 {
[%emt 0:00:02]} 57. Re8 {[%emt 0:00:17]} Kxg7 {[%emt 0:00:02]} 58. Kb4 {
[%emt 0:00:00]} Kf7 {[%emt 0:00:03]} 59. Re4 {[%emt 0:00:06]} Rd3 {[%emt 0:00:
03]} 60. Kc4 {[%emt 0:00:01]} Ra3 {[%emt 0:00:01]} 61. Kb4 {[%emt 0:00:01]} Rd3
{[%emt 0:00:01]} 62. Kc4 {[%emt 0:00:01]} Ra3 {[%emt 0:00:01]} 63. Kb4 {
[%emt 0:00:01]} 1/2-1/2

[Event "FTX Crypto Cup Prelims 2021"]
[Site "Chess24"]
[Date "2021.05.18"]
[Round "13.5"]
[White "Grischuk, Alexander"]
[Black "Radjabov, Teimour"]
[Result "1/2-1/2"]
[WhiteElo "2784"]
[BlackElo "2758"]
[Annotator "TA"]
[PlyCount "60"]
[EventDate "2021.05.23"]
[EventType "tourn"]
[EventCountry "NET"]
[Tiebreak "Koya+Number of black wins+Number of wins"]
[SourceTitle "playchess.com"]
[Source "ChessBase"]
[SourceQuality "1"]

{[%evp 13,60,28,22,21,22,23,18,21,23,22,24,16,27,26,18,15,11,4,28,20,31,25,35,
33,43,0,0,0,0,0,0,0,0,0,0,0,0,0,0,0,0,-14,0,-3,0,-15,0,-9,0]} 1. e4 c5 2. Nf3
Nc6 3. d4 cxd4 4. Nxd4 e5 5. Nb5 d6 6. N1c3 a6 7. Na3 Be7 8. Be3 {B32:
Sicilian: Löwenthal and Kalashnikov Variations.} Nf6 9. Nc4 b5 10. Nb6 Rb8 11.
Nxc8 Qxc8 12. Be2 O-O 13. O-O b4 14. Nd5 Nxe4 15. a4 bxa3 16. Rxa3 Nf6 {
White should prevent ...Nxd5.} 17. Bxa6 Qd7 18. Bc4 Nxd5 {[#]} 19. Qxd5 $146 ({
Predecessor:} 19. Bxd5 Rxb2 20. Qf3 Nd4 21. Bxd4 exd4 22. Bb3 Bf6 23. g3 Qe7
24. Kg2 d3 25. Qxd3 {1-0 (61) Povarenkov,S (2230)-Frijling,J (2157) ICCF email
2013}) 19... Nb4 {The position is equal.} 20. Qd1 d5 21. Ra7 Qc6 {[#] Strongly
threatening ...Bc5.} 22. Rxe7 {Hoping for Bb3.} Qxc4 23. Rxe5 Nxc2 24. Qxd5
Qxd5 25. Rxd5 Nxe3 26. fxe3 Rxb2 $11 {KRR-KRR} 27. Rf2 Rb1+ 28. Rf1 Rb2 29. Rf2
Rb1+ 30. Rf1 Rb2 {Weighted Error Value: White=0.03/Black=0.04} 1/2-1/2

[Event "FTX Crypto Cup Prelims 2021"]
[Site "Chess24"]
[Date "2021.05.18"]
[Round "13.6"]
[White "Dubov, Daniil"]
[Black "Caruana, Fabiano"]
[Result "0-1"]
[WhiteElo "2770"]
[BlackElo "2773"]
[Annotator "ChessBase"]
[PlyCount "70"]
[EventDate "2021.05.23"]
[EventType "tourn"]
[EventCountry "NET"]
[Tiebreak "Koya+Number of black wins+Number of wins"]
[SourceTitle "playchess.com"]
[Source "ChessBase"]
[SourceQuality "1"]
[TimeControl "900+10"]

1. e4 {[%emt 0:00:00]} c5 {[%emt 0:00:00]} 2. Nf3 {[%emt 0:00:00]} e6 {[%emt 0:
00:00]} 3. d4 {[%emt 0:00:01]} cxd4 {[%emt 0:00:00]} 4. Nxd4 {[%emt 0:00:00]}
Nc6 {[%emt 0:00:00]} 5. Nc3 {[%emt 0:00:16]} Qc7 {[%emt 0:00:00]} 6. Be3 {
[%emt 0:00:25]} a6 {[%emt 0:00:00]} 7. f4 {[%emt 0:00:34]} b5 {[%emt 0:00:10]}
8. e5 {[%emt 0:00:07]} Bb7 {[%emt 0:00:12]} 9. Be2 {[%emt 0:00:50]} Nxd4 {
[%emt 0:00:16]} 10. Bxd4 {[%emt 0:00:26]} Nh6 {[%emt 0:01:02]} 11. Bf3 {
[%emt 0:00:33]} Nf5 {[%emt 0:00:04]} 12. Bf2 {[%emt 0:00:11]} Bb4 {[%emt 0:00:
34]} 13. O-O {[%emt 0:00:24]} Bxc3 {[%emt 0:00:04]} 14. bxc3 {[%emt 0:00:09]}
O-O {[%emt 0:00:02]} 15. Bxb7 {[%emt 0:00:39]} Qxb7 {[%emt 0:00:02]} 16. a4 {
[%emt 0:00:03]} Qc6 {[%emt 0:00:19]} 17. axb5 {[%emt 0:01:34]} axb5 {[%emt 0:
00:03]} 18. Qd3 {[%emt 0:00:08]} Ra4 {[%emt 0:00:54]} 19. Rxa4 {[%emt 0:00:25]}
bxa4 {[%emt 0:00:03]} 20. c4 {[%emt 0:00:00]} h5 {[%emt 0:00:18]} 21. c5 {
[%emt 0:01:01]} Rb8 {[%emt 0:00:21]} 22. Rd1 {[%emt 0:00:57]} Ra8 {[%emt 0:05:
14]} 23. Ra1 {[%emt 0:02:00]} Ne7 {[%emt 0:00:26]} 24. h3 {[%emt 0:01:27]} Qd5
{[%emt 0:00:21]} 25. Qe2 {[%emt 0:02:30]} a3 {[%emt 0:00:40]} 26. c4 {[%emt 0:
00:34]} Qb7 {[%emt 0:00:06]} 27. Qxh5 {[%emt 0:00:50]} Qb2 {[%emt 0:02:08]} 28.
Qd1 {[%emt 0:00:12]} Nc6 {[%emt 0:01:06]} 29. h4 {[%emt 0:01:44]} a2 {[%emt 0:
00:17]} 30. h5 {[%emt 0:00:04]} Rb8 {[%emt 0:00:31]} 31. Be1 {[%emt 0:00:17]}
Qb1 {[%emt 0:01:05]} 32. Bc3 {[%emt 0:00:04]} Qxd1+ {[%emt 0:00:01]} 33. Rxd1 {
[%emt 0:00:02]} Rb1 {[%emt 0:00:02]} 34. Rf1 {[%emt 0:00:02]} Nb4 {[%emt 0:00:
11]} 35. g4 {[%emt 0:00:47]} Nd3 {[%emt 0:00:30]} 0-1

[Event "FTX Crypto Cup Prelims 2021"]
[Site "Chess24"]
[Date "2021.05.18"]
[Round "13.7"]
[White "Carlsen, Magnus"]
[Black "Svidler, Peter"]
[Result "1/2-1/2"]
[WhiteElo "2881"]
[BlackElo "2742"]
[Annotator "TA"]
[PlyCount "110"]
[EventDate "2021.05.23"]
[EventType "tourn"]
[EventCountry "NET"]
[Tiebreak "Koya+Number of black wins+Number of wins"]
[SourceTitle "playchess.com"]
[Source "ChessBase"]
[SourceQuality "1"]

{[%evp 9,110,0,12,0,0,0,31,0,8,7,9,-2,-2,0,0,0,0,0,0,-2,0,-81,-76,-83,-86,-63,
-67,-74,-54,-54,-46,-55,-51,-43,-48,-51,-27,-113,-114,-121,-121,-118,-119,-120,
-120,-120,-113,-138,-138,-141,-161,-135,-115,-114,-114,-131,-122,-128,-132,
-128,-134,-133,-65,-64,-11,-16,-8,-8,0,0,0,0,0,0,0,0,0,0,0,0,0,0,0,0,0,0,0,0,0,
0,0,0,0,0,0,0,0,0,0,0,0,0,0]} 1. e4 c5 2. Nf3 d6 3. Bb5+ Nd7 4. d4 cxd4 5. Qxd4
a6 6. Be2 {B51: Sicilian: Moscow Variation (3 Bb5+) without 3...Bd7.} (6. Bxd7+
Bxd7 7. c4 e5 8. Qd3 b5 9. Nc3 bxc4 10. Qxc4 Qc8 11. Qd3 Qb7 12. O-O h6 13. Nd2
Be6 14. Nc4 Qc6 15. b3 Nf6 16. Ne3 Rc8 17. Bd2 Be7 {1/2-1/2 (41) Carlsen,M 
(2863)-Svidler,P (2723) chess24.com INT 2020}) 6... Ngf6 7. O-O g6 $1 {[%mdl 4]
is currently scoring better than 7...e5.} 8. e5 {White is slightly better.}
dxe5 9. Nxe5 Bg7 10. Bf4 O-O 11. Rd1 {[#]} Qa5 $146 ({Predecessor:} 11... Qb6
12. Qxb6 Nxb6 13. Nc3 Bf5 14. Bf3 Nh5 15. Be3 Bxe5 16. Bxb6 Nf6 17. Re1 Nd7 {
0-1 (55) Grischuk,A (2777)-Vachier Lagrave,M (2784) chess24.com INT 2020}) 12.
Qc3 Qb6 {With the idea ...Ne4.} 13. Nc4 Qe6 14. Qe3 b5 15. Na5 {[#]} (15. Bf3
$11 Qxc4 16. Nd2 (16. Bxa8 Ng4 $14)) 15... Nb6 $1 $17 16. Qxe6 Bxe6 17. Be5
Rac8 18. c3 Na4 (18... Ne4 $5 {[%cal Rg7e5]} 19. Bxg7 Kxg7 $15) 19. b3 {
[%cal Rb3a4]} Nb6 $36 {[%mdl 2048] Black has some pressure.} 20. Bf3 Nfd5 21.
Bxg7 Kxg7 22. c4 bxc4 23. bxc4 (23. Nxc4 $11 {keeps the balance.} Nxc4 24. Bxd5
Bxd5 25. Rxd5) 23... Nxc4 24. Bxd5 Bxd5 25. Rxd5 Nxa5 26. Nd2 Nc6 27. Nb3 Rfd8
28. Rc5 Nb4 29. Kf1 Rxc5 30. Nxc5 {[%mdl 4096] Endgame KRN-KRN} Rc8 31. Rc1 {
aiming for Ne6+!} Rc6 32. a4 e5 33. Ke2 f5 34. Kd2 Kf7 35. Rc4 Nd5 (35... Rd6+
$17 36. Ke1 Rb6) 36. Nd3 $15 Rxc4 ({Black should play} 36... Re6 $15) 37. Nxe5+
$11 {[%mdl 64] [#] Double Attack. The position is equal.} Ke6 38. Nxc4 {KN-KN}
Nf6 39. Kc3 $1 Kd5 40. Kb4 Ng4 41. Ne3+ Nxe3 42. fxe3 {Strongly threatening
Ka5. KP-KP} Ke4 43. Ka5 Kxe3 {And now ...f4 would win.} 44. Kxa6 {K3P-K3P} f4
45. a5 g5 $1 46. Kb6 g4 $1 47. a6 {Threatens to win with a7.} f3 48. gxf3 gxf3
{KPP-KPP} 49. a7 f2 50. a8=Q f1=Q 51. Qe8+ Kf2 52. Qf7+ Kg2 53. Qxh7 Qg1+ 54.
Kc6 Qxh2 55. Qxh2+ Kxh2 {And White is the lucky defender.  Weighted Error
Value: White=0.08/Black=0.05} 1/2-1/2

[Event "FTX Crypto Cup Prelims 2021"]
[Site "Chess24"]
[Date "2021.05.18"]
[Round "13.8"]
[White "Nakamura, Hikaru"]
[Black "Firouzja, Alireza"]
[Result "0-1"]
[WhiteElo "2829"]
[BlackElo "2703"]
[Annotator "TA"]
[PlyCount "101"]
[EventDate "2021.05.23"]
[EventType "tourn"]
[EventCountry "NET"]
[Tiebreak "Koya+Number of black wins+Number of wins"]
[SourceTitle "playchess.com"]
[Source "ChessBase"]
[SourceQuality "1"]

{[%evp 9,101,22,68,45,50,32,38,29,22,20,26,22,42,42,61,11,47,35,40,0,-8,0,0,
-19,-19,-24,-24,-65,-63,-63,-65,-70,-70,-71,-67,-69,-74,-66,-59,-94,-100,-96,
-81,-85,-64,-91,-105,-98,-79,-79,-73,-73,-73,-73,-73,-73,-73,-81,-81,-81,-78,
-143,-143,-144,-148,-172,-162,-162,-172,-173,-173,-173,-173,-229,-229,-399,
-356,-464,-429,-424,-383,-375,-376,-352,-368,-5519,-5435,-1815,-1810,-2372,
-1803,-5939,-5869,-29996]} 1. d4 Nf6 2. c4 c5 3. d5 b5 4. cxb5 a6 5. bxa6 g6 6.
Nc3 {A58: Benko/Volga Gambit: Lines with 5 bxa6.} Bg7 7. g3 O-O 8. Nf3 {
White is slightly better.} Qa5 9. Bd2 d6 10. Bg2 Nbd7 $5 {[%cal Bb8d7,Bd7b6,
Bb6c4,Bc4d2][%mdl 4] A promising side line.} 11. O-O Nb6 12. Qc2 Qxa6 13. e4
Nc4 {[#]} 14. b3 $146 ({Predecessor:} 14. Bc1 Ng4 15. h3 Nge5 16. Nxe5 Nxe5 17.
Rd1 Qa5 18. Bd2 Nc4 19. Be1 Bd7 20. Bf1 Ne5 21. Be2 f5 22. f4 Nf7 23. Bd3 Nh6
24. Bd2 fxe4 {1/2-1/2 (24) Poobesh Anand,S (2360)-Michelakis,G (2432) Mumbai
2004}) 14... Nxd2 15. Nxd2 Ng4 16. a4 Qa5 17. Rac1 Ba6 18. Nb5 Bxb5 19. axb5
Qxb5 20. h3 Ne5 21. Rfd1 Ra3 22. Bf1 Qb4 23. Qc3 Qb7 24. Qe3 Ra2 25. Be2 Rb8
26. Kf1 Nd7 27. Nf3 Qb4 ({Much weaker is} 27... Qxb3 $6 28. Qxb3 Rxb3 29. Bc4
$14) 28. Bc4 Rba8 29. Qd3 Rb2 {Strongly threatening ...Raa2.} 30. Rc2 Raa2 31.
Rxb2 Rxb2 32. Re1 Ra2 33. Bb5 Ne5 34. Nxe5 Bxe5 35. Re2 (35. Bc4 $142) 35...
Ra1+ $40 {[%mdl 128] Black goes for the king.} 36. Kg2 Qa3 $1 {[%cal Ra3c1] ...
Qc1 is the strong threat.} 37. Qc2 Rc1 $1 {[%cal Rc1c2]} 38. Qa2 Qb4 39. Bc4
Qc3 $1 40. Re3 Qd4 $1 {[%cal Rd4d1] And now ...Qd1 would win.} 41. Bf1 (41. Be2
$142) 41... Kg7 $19 42. Qe2 $2 (42. Be2 {was called for.}) 42... Qa1 $1 43. Qa6
Qb2 44. Qe2 {[#] If White can now play Qxb2 this consolidates a bit.} Rc2 {
[%cal Rc2e2]} 45. Qf3 {[#] and the idea Re2 leaves White hopeful.} Qa1 $1 46.
Bd3 Rc1 47. Re2 $2 (47. Kh2 Bd4 48. Re2) 47... Rh1 {[%csl Gh1][%cal Ra1g1]
Black is clearly winning.} 48. Qe3 Qf1+ 49. Kf3 Qxh3 {( -> ...Qh5+)} 50. Qg5
Rd1 51. Re3 {Weighted Error Value: White=0.38/Black=0.11} 0-1